| 000 | 03256nam a22003497a 4500 | ||
|---|---|---|---|
| 003 | OSt | ||
| 005 | 20240902112547.0 | ||
| 007 | cr ||||||a|c|a | ||
| 008 | 240829s2023 mx ad||fom||| 001 0 spa d | ||
| 040 | _erda | ||
| 100 | 1 |
_aMartínez Marín, Juan _9189505 |
|
| 245 | 1 | 0 |
_aControl químico del psílido asiático de los citrícos ( Diaphorinacitri ) en limón persa ( Citrus latifolia ) cultivado en campo abierto, Acateno, Puebla / _cpor Juan Martínez Marin y Líctor Fabian Martínez Terán; presidente Jaime Alfredo Urzua Soria; secretario Luis Emilio Castillo Márquez; vocal Artemio Rosas Meza; suplente Andrés Bolaños Espinoza; suplente Raciel Hernández Hernández |
| 264 | 1 |
_aChapingo, México : _bEl autor, _c2023. |
|
| 300 |
_a1 recurso en línea (63 páginas): _bIlustraciones, cuadros, gráficas |
||
| 336 |
_2rdacontent _atexto _btxt |
||
| 337 |
_2rdamedia _acomputadora _bc |
||
| 338 |
_2rdacarrier _arecurso en línea _bcr |
||
| 502 |
_bIAEPA _cParasitología _d2023 _gLIC |
||
| 504 | _aIncluye referencias bibliográficas: páginas 34-42 | ||
| 520 | _aDiaphorina citri Kuwayama es un psílido polífago, que se alimenta y se reproduce en más de 20 géneros de plantas, ocasionando daños severos en la cantidad y calidad de las cosechas, así como en la mortalidad de árboles de cítricos. El presente estudio se realizó en el municipio de Acateno, Puebla, con el objetivo de evaluar la efectividad biológica de seis insecticidas para el control del Psílido asiático de los cítricos (Diaphorina citri Kuwayama) en el cultivo de limón persa (Citrus latifolia T.) implantado sobre patrón volkameriano. Se implementó un diseño de bloques completos al azar, con cuatro repeticiones y siete tratamientos; se evaluaron los siguientes: Engeo (Thiametoxam + Lambda Cyalotrina) con dosis de 500 mL ha-1, Benevia (Ciantraniliprol) con dosis de 200 mL ha-1, Agrimec (Abamectina) con dosis de 500 mL ha-1, Rogor (Dimetoato) con dosis de 200 mL ha-1, Ovicida + Control (Extracto de Quassia amara) con dosis de 1.0 L ha-1, Escolta (Spinosad) con dosis de 200 mL ha-1y un testigo absoluto. Se midieron en seis momentos, el número de ninfas, el número de adultos y el porcentaje de eficacia de los productos, el cual se calculó con la fórmula de Abbott. Los resultados mostraron diferencias significativas con respecto al control de D. citri observándose un mejor control con los ratamientos Ovicida + Control con dosis de 1.0 L ha-1 (eficacia de 89.85%) y Engeo a dosis de 500 mL ha-1 (eficacia de 76.5%). | ||
| 650 | 4 |
_aInsecticidas biológicos _xAplicación _9137077 |
|
| 650 | 4 |
_aInsecticidas _xEfecto en limón _958867 |
|
| 650 | 4 |
_aQuassia amara como insecticida _9189508 |
|
| 700 | 1 |
_aMartínez Terán, Lictor Fabián _9189506 |
|
| 700 | 1 |
_aUrzua Soria, Jaime Alfredo _9188351 _4presidente |
|
| 700 | 1 |
_aCastillo Márquez, Luis Emilio _920176 _esecretario |
|
| 700 | 1 |
_aRosas Meza, Artemio _9100031 _evocal |
|
| 700 | 0 |
_aBolaños Espinoza, Andrés _913468 _esuplente |
|
| 700 | 1 |
_aHernández Hernández, Raciel _954159 _esuplente |
|
| 856 |
_uhttp://10.13.5.2/tesis/tl/1611517-1_Y_1811540-1_MARTINEZ_TERAN_LICTORFABIAN_Y_MARTINEZ_MARIN_JUAN.pdf _zDESCARGAR PDF |
||
| 942 |
_2Clasificación Universidad Autónoma Chapingo _cTD |
||
| 999 |
_c220125 _d220125 |
||